[Event "Regionalliga NO 9697"]
[Site "Bayern"]
[Date "1997.??.??"]
[Round "?"]
[White "Muehlbauer, Franz"]
[Black "Herzog, Klaus"]
[Result "1/2-1/2"]
[WhiteElo "2075"]
[BlackElo "2080"]
[PlyCount "81"]
[EventDate "1996.10.??"]
[EventType "team-tourn"]
[EventRounds "9"]
[EventCountry "GER"]
[SourceTitle "EXT 1999"]
[Source "ChessBase"]
[SourceDate "1998.11.16"]
[SourceVersion "1"]
[SourceVersionDate "1998.11.16"]
[SourceQuality "1"]
[WhiteTeam "Furth im Wald"]
[BlackTeam "Regensburg Fortuna II"]
[WhiteTeamCountry "GER"]
[BlackTeamCountry "GER"]

1. c4 c5 2. Nf3 Nc6 3. Nc3 g6 4. g3 Bg7 5. Bg2 Rb8 6. e3 e5 7. 0-0 a6 8. Re1 Nge7 9. d3 0-0 10. Rb1 b5 11. b3 d6 12. Bb2 Bf5 13. e4 Bd7 14. h3 b4 15. Nd5 f5 16. Rf1 Qc8 17. Kh2 Nxd5 18. cxd5 Ne7 19. Nd2 f4 20. Qe2 Bh6 21. Nc4 Qc7 22. Ra1 Bb5 23. Bf3 Nc8 24. Kg2 Nb6 25. Rh1 Nxc4 26. dxc4 Bd7 27. Bc1 Qd8 28. Bd2 a5 29. a4 Rf7 30. h4 Qf8 31. Raf1 Rd8 32. Bc1 Qg7 33. g4 g5 34. Rfg1 Qf6 35. Kf1 Kh8 36. Bd2 Rg8 37. Rh2 Qd8 38. Ke1 Qe7 39. Qd1 Ra8 40. Qa1 Rff8 41. Kd1 1/2-1/2

[Event "Regionalliga NO 9697"]
[Site "Bayern"]
[Date "1996.??.??"]
[Round "?"]
[White "Muehlbauer, Franz"]
[Black "Kordts, Wolfgang"]
[Result "0-1"]
[WhiteElo "2075"]
[BlackElo "2040"]
[PlyCount "58"]
[EventDate "1996.10.??"]
[EventType "team-tourn"]
[EventRounds "9"]
[EventCountry "GER"]
[SourceTitle "EXT 1999"]
[Source "ChessBase"]
[SourceDate "1998.11.16"]
[SourceVersion "1"]
[SourceVersionDate "1998.11.16"]
[SourceQuality "1"]
[WhiteTeam "Furth im Wald"]
[BlackTeam "Nuernberg Noris Tarrasch II"]
[WhiteTeamCountry "GER"]
[BlackTeamCountry "GER"]

1. c4 e5 2. g3 d6 3. Bg2 g6 4. Nc3 Bg7 5. Nf3 Ne7 6. d4 exd4 7. Nxd4 Nbc6 8. Nxc6 Nxc6 9. 0-0 0-0 10. Bd2 Be6 11. b3 Qd7 12. Re1 Bh3 13. Bh1 Rae8 14. Rc1 Ne5 15. Nd5 Bg4 16. Bh6 f5 17. Bxg7 Qxg7 18. Nf4 Rf6 19. Qd5+ Kh8 20. Qxb7 g5 21. Nd5 Rf7 22. Nc3 f4 23. Qd5 fxg3 24. hxg3 Be6 25. Qd2 Qh6 26. Ne4 Ng4 27. Qd4+ Kg8 28. Bf3 Qh2+ 29. Kf1 Ne3+ 0-1

[Event "Regionalliga NO 9596"]
[Site "Bayern"]
[Date "1996.??.??"]
[Round "?"]
[White "Stephan, Eberhard"]
[Black "Muehlbauer, Franz"]
[Result "1/2-1/2"]
[WhiteElo "1990"]
[BlackElo "2060"]
[PlyCount "130"]
[EventDate "1995.10.??"]
[EventType "team-tourn"]
[EventRounds "9"]
[EventCountry "GER"]
[SourceTitle "EXT 1999"]
[Source "ChessBase"]
[SourceDate "1998.11.16"]
[SourceVersion "1"]
[SourceVersionDate "1998.11.16"]
[SourceQuality "1"]
[WhiteTeam "Gunzenhausen"]
[BlackTeam "Furth im Wald"]
[WhiteTeamCountry "GER"]
[BlackTeamCountry "GER"]

1. d4 Nf6 2. c4 e6 3. Nc3 Bb4 4. f3 c5 5. d5 d6 6. e4 exd5 7. cxd5 Nbd7 8. Nge2 0-0 9. Ng3 Ne5 10. Be2 Re8 11. 0-0 a6 12. a4 Bd7 13. Qc2 Rb8 14. Nd1 b5 15. axb5 axb5 16. Ne3 c4 17. Nef5 Bc5+ 18. Kh1 h6 19. Bd2 Bxf5 20. Nxf5 Qb6 21. Bxh6 gxh6 22. Qd2 Be3 23. Nxe3 Kh7 24. Nf5 Ng8 25. f4 Ng6 26. Bf3 b4 27. Ra4 Rec8 28. Qd4 Qxd4 29. Nxd4 c3 30. bxc3 bxc3 31. Ra7 c2 32. Rxf7+ Kh8 33. Rc1 Rb1 34. Ne2 N8e7 35. e5 Kg8 36. Rf6 Rxc1+ 37. Nxc1 Rb8 38. exd6 Rb1 39. h3 Rxc1+ 40. Kh2 Rh1+ 41. Kxh1 c1Q+ 42. Kh2 Qc8 43. Bg4 Qd8 44. Be6+ Kh7 45. Rf7+ Kh8 46. dxe7 Nxe7 47. Rf6 Nxd5 48. Rg6 Qd6 49. Rg8+ Kh7 50. Bxd5 Qxd5 51. Rg3 Qe4 52. Rf3 Kg6 53. Kg3 Qe1+ 54. Kh2 h5 55. f5+ Kf6 56. Rf4 Qe5 57. g3 h4 58. Rxh4 Qe2+ 59. Kg1 Kxf5 60. Rf4+ Ke5 61. Rg4 Qf3 62. Kh2 Qf1 63. Rf4 Qe2+ 64. Kg1 Kd5 65. Kh1 Ke5 1/2-1/2

[Event "Regionalliga NO 9596"]
[Site "Bayern"]
[Date "1995.??.??"]
[Round "?"]
[White "Muehlbauer, Franz"]
[Black "Mueller, Marcus2222"]
[Result "1/2-1/2"]
[WhiteElo "2060"]
[BlackElo "2215"]
[PlyCount "44"]
[EventDate "1995.10.??"]
[EventType "team-tourn"]
[EventRounds "9"]
[EventCountry "GER"]
[SourceTitle "EXT 1999"]
[Source "ChessBase"]
[SourceDate "1998.11.16"]
[SourceVersion "1"]
[SourceVersionDate "1998.11.16"]
[SourceQuality "1"]
[WhiteTeam "Furth im Wald"]
[BlackTeam "Fuerth SF"]
[WhiteTeamCountry "GER"]
[BlackTeamCountry "GER"]

1. c4 Nf6 2. Nc3 c5 3. Nf3 g6 4. d4 cxd4 5. Nxd4 Bg7 6. g3 0-0 7. Bg2 Nc6 8. 0-0 Nxd4 9. Qxd4 d6 10. Qd3 Rb8 11. Bd2 Be6 12. Rac1 Qd7 13. Rfd1 Bh3 14. Bh1 Qf5 15. Qxf5 Bxf5 16. b3 a6 17. Be3 Rfe8 18. Ba7 Ra8 19. Bd4 Rab8 20. Nd5 Nxd5 21. cxd5 Rbc8 22. Bxg7 Kxg7 1/2-1/2

[Event "Regionalliga NO 9495"]
[Site "Bayern"]
[Date "1995.??.??"]
[Round "?.4"]
[White "Reiser, Wolfgang"]
[Black "Muehlbauer, Franz"]
[Result "0-1"]
[WhiteElo "2080"]
[BlackElo "2065"]
[PlyCount "136"]
[EventDate "1994.10.??"]
[EventType "team-tourn"]
[EventRounds "9"]
[EventCountry "GER"]
[SourceTitle "EXT 1999"]
[Source "ChessBase"]
[SourceDate "1998.11.16"]
[SourceVersion "1"]
[SourceVersionDate "1998.11.16"]
[SourceQuality "1"]
[WhiteTeam "Nuernberg Noris Tarrasch II"]
[BlackTeam "Furth im Wald"]
[WhiteTeamCountry "GER"]
[BlackTeamCountry "GER"]

1. e4 d6 2. Nf3 Nf6 3. Nc3 g6 4. d4 Bg7 5. Be2 0-0 6. 0-0 c6 7. h3 b5 8. a3 Bb7 9. Be3 Nbd7 10. e5 Ne8 11. e6 fxe6 12. Ng5 Nc7 13. Bg4 Rf5 14. Bxf5 exf5 15. Re1 h6 16. Nf3 Nf6 17. Qe2 Qd7 18. Rad1 e6 19. b3 a6 20. Nb1 Ne4 21. Nfd2 Nxd2 22. Qxd2 Kh7 23. c4 Rf8 24. Nc3 Ne8 25. Re2 Nf6 26. f4 d5 27. c5 a5 28. b4 a4 29. Kh2 Bc8 30. Rg1 Ne4 31. Qe1 Qe7 32. g4 Bd7 33. Reg2 Be8 34. gxf5 exf5 35. Nd1 Bf6 36. Bf2 Qg7 37. Qe3 Rg8 38. h4 Nxf2 39. Qxf2 Bxd4 40. Qe2 Bxg1+ 41. Rxg1 Qf6 42. Kh3 Bf7 43. Nf2 Re8 44. Qd2 d4 45. Nd3 Re3+ 46. Rg3 Qe6 47. Ne5 Rxg3+ 48. Kxg3 Qb3+ 49. Kf2 Qc3 50. Qxc3 dxc3 51. Ke2 Bd5 52. Kd3 Kg7 53. Kxc3 Kf6 54. Kd4 g5 55. fxg5+ hxg5 56. hxg5+ Kxg5 57. Nd3 Be4 58. Ne5 Kf4 59. Ng6+ Kf3 60. Ne5+ Ke2 61. Nf7 Kd2 62. Nd6 Kc2 63. Nxe4 fxe4 64. Kxe4 Kb3 65. Kd3 Kxa3 66. Kc3 Ka2 67. Kc2 a3 68. Kc3 Kb1 0-1

[Event "Regionalliga NO 9495"]
[Site "Bayern"]
[Date "1994.??.??"]
[Round "?.6"]
[White "Muehlbauer, Franz"]
[Black "Deckert, Marc"]
[Result "1-0"]
[WhiteElo "2065"]
[BlackElo "1980"]
[PlyCount "93"]
[EventDate "1994.10.??"]
[EventType "team-tourn"]
[EventRounds "9"]
[EventCountry "GER"]
[SourceTitle "EXT 1999"]
[Source "ChessBase"]
[SourceDate "1998.11.16"]
[SourceVersion "1"]
[SourceVersionDate "1998.11.16"]
[SourceQuality "1"]
[WhiteTeam "Furth im Wald"]
[BlackTeam "Fuerth SF"]
[WhiteTeamCountry "GER"]
[BlackTeamCountry "GER"]

1. c4 Nf6 2. Nc3 c5 3. g3 g6 4. Bg2 Bg7 5. Nf3 0-0 6. 0-0 d6 7. d4 Na6 8. d5 Rb8 9. e4 Nc7 10. a4 e6 11. h3 exd5 12. exd5 b6 13. Re1 a6 14. Bg5 h6 15. Bf4 g5 16. Be3 b5 17. axb5 axb5 18. h4 g4 19. Nd2 Bf5 20. Rc1 Nd7 21. cxb5 Nxb5 22. Nc4 Nb6 23. Nxb6 Rxb6 24. Qd2 Nxc3 25. bxc3 Qf6 26. Bf4 Rfb8 27. Re2 Kh7 28. Kh2 Rb3 29. Qa2 Bd3 30. Rd2 Qg6 31. Qa4 Bf5 32. Qc4 R8b6 33. Bf1 Rb2 34. Rxb2 Rxb2 35. Kg1 Be4 36. Bg2 Bd3 37. Qa4 h5 38. Qd7 Bh6 39. Bxh6 Kxh6 40. Re1 Qf6 41. Kh1 Rxf2 42. Re8 Be2 43. Qc8 Bf3 44. Rh8+ Kg6 45. Qg8+ Qg7 46. Qd8 Qxc3 47. Qg5# 1-0